| 000 | 00781nam a22002177a 4500 | ||
|---|---|---|---|
| 999 |
_c5103 _d5103 |
||
| 003 | AR-CdUCM | ||
| 008 | 190312b ||||| |||| 00| 0 spa d | ||
| 040 |
_aMUNICIPALIDAD PROVINCIAL DEL CUSCO _cBIBLIOTECA MUNICIPAL DEL CUSCO |
||
| 082 |
_a745 / _bL61 |
||
| 100 |
_aLidstone, John _915528 |
||
| 245 | _aConstrucciones con Alambre / | ||
| 260 |
_aBuenos Aires : _bKapelusz ; _c1973. |
||
| 300 |
_a95 páginas ; _bFotografías _c22cm |
||
| 440 |
_aColección Cómo Hacer _915529 |
||
| 505 | _aContenido: Soldadura -- Escultura espacial -- La esfera mágica de Esteban -- Escultura enrollada -- Círculos en el aire... | ||
| 650 |
_aManualidades _915530 |
||
| 650 |
_aArte con alambre _915531 |
||
| 650 |
_aEscultura con alambre _915532 |
||
| 942 |
_2ddc _cLIBROS |
||
| 945 | _anom | ||